Sistemas de compensación y liquidación de pagos y valores en Colombia / (Registro nro. 8261)
[ vista simple ]
| 000 -LEADER | |
|---|---|
| fixed length control field | 01483nam a2200265Ia 4500 |
| 003 - CONTROL NUMBER IDENTIFIER | |
| control field | OSt |
| 005 - DATE AND TIME OF LATEST TRANSACTION | |
| control field | 20210804110615.0 |
| 008 - FIXED-LENGTH DATA ELEMENTS--GENERAL INFORMATION | |
| fixed length control field | 210310s2002 mx ad fr 000 0 spa d |
| 020 ## - INTERNATIONAL STANDARD BOOK NUMBER | |
| International Standard Book Number | 9686154817 |
| 040 ## - CATALOGING SOURCE | |
| Original cataloging agency | CO-JMCR |
| Transcribing agency | CO-JMCR |
| 041 0# - LANGUAGE CODE | |
| Language code of text/sound track or separate title | spa |
| 082 04 - DEWEY DECIMAL CLASSIFICATION NUMBER | |
| Classification number | 332.17809861 / |
| Item number | C397s |
| Edition number | 23 |
| 110 2# - MAIN ENTRY--CORPORATE NAME | |
| Corporate name or jurisdiction name as entry element | Centro de Estudios Monetarios Latinoamericanos |
| 9 (RLIN) | 8930 |
| 245 10 - TITLE STATEMENT | |
| Title | Sistemas de compensación y liquidación de pagos y valores en Colombia / |
| Statement of responsibility, etc. | Centro de Estudios Monetarios Latinoamericanos y Banco Mundial |
| 250 ## - EDITION STATEMENT | |
| Edition statement | Primera edición |
| 260 ## - PUBLICATION, DISTRIBUTION, ETC. | |
| Place of publication, distribution, etc. | Durango : |
| Name of publisher, distributor, etc. | Centro de Estudios Monetarios Latinoamericanos, |
| Date of publication, distribution, etc. | 2002 |
| 300 ## - PHYSICAL DESCRIPTION | |
| Extent | viii, 140 páginas : |
| Other physical details | ilustraciones y gráficas a blanco y negro ; |
| Dimensions | 28 cm. |
| 500 ## - GENERAL NOTE | |
| General note | Incluye notas a pie de página y glosario. |
| 505 0# - FORMATTED CONTENTS NOTE | |
| Formatted contents note | Contexto económico y del mercado financiero -- Aspectos institucionales -- Medios de pago utilizados por entidades no financieras -- Pagos: mecanismos de intercambio y liquidación de las operaciones interbancarias -- Valores, estructura de mercado y negociación -- Compensación y liquidación de valores de gobierno y del sector privado -- El papel del banco central en los sistemas de compensación y liquidación -- Supervisión de los sistemas de compensación y liquidación de valores |
| 650 14 - SUBJECT ADDED ENTRY--TOPICAL TERM | |
| Topical term or geographic name entry element | Sistemas de pago |
| 9 (RLIN) | 16782 |
| Geographic subdivision | Colombia |
| 650 24 - SUBJECT ADDED ENTRY--TOPICAL TERM | |
| Topical term or geographic name entry element | Sistema financiero |
| Geographic subdivision | Colombia |
| 9 (RLIN) | 9003 |
| 650 24 - SUBJECT ADDED ENTRY--TOPICAL TERM | |
| Topical term or geographic name entry element | Medios de pago |
| Geographic subdivision | Colombia |
| 9 (RLIN) | 39040 |
| 710 1# - ADDED ENTRY--CORPORATE NAME | |
| Corporate name or jurisdiction name as entry element | Banco Mundial |
| 9 (RLIN) | 5980 |
| 942 ## - ADDED ENTRY ELEMENTS (KOHA) | |
| Source of classification or shelving scheme | Dewey Decimal Classification |
| Koha item type | Books |
| Withdrawn status | Lost status | Source of classification or shelving scheme | Damaged status | Not for loan | Collection code | Home library | Current library | Date acquired | Source of acquisition | Full call number | Barcode | Date last seen | Copy number | Koha item type |
|---|---|---|---|---|---|---|---|---|---|---|---|---|---|---|
| Dewey Decimal Classification | Non-fiction | Biblioteca Pública José María del Castillo y Rada | Biblioteca Pública José María del Castillo y Rada | 04/15/2018 | Donación | 332.17809861 / C397s | 430002819 | 05/16/2024 | Ej.1 | Books |